Name all of the Noldor in the Silmarillion (major houses) - Statistics

General Stats
  • This quiz has been taken 298 times
  • The average score is 18 of 21
Answer Stats
Answer % Correct
Feanor
98%
Finwe
98%
Fingolfin
96%
Galadriel
95%
Fingon
94%
Maedhros
94%
Turgon
94%
Curufin
93%
Finarfin
93%
Finrod
93%
Amrod
88%
Maglor
88%
Amras
86%
Caranthir
86%
Celegorm
86%
Orodreth
80%
Aegnor
77%
Gil Galad
76%
Angrod
72%
Aredhel
70%
Celebrimbor
67%
No matching quizzes found
Score Distribution
Percent of People with Each Score
Percentile by Number Answered
Your Score History
You have not taken this quiz